Library Banner

آہ قائد ملت (Record no. 73881)

MARC details
000 -LEADER
fixed length control field 00313nam a22001337a 4500
005 - DATE AND TIME OF LATEST TRANSACTION
control field 20150813115348.0
008 - FIXED-LENGTH DATA ELEMENTS--GENERAL INFORMATION
fixed length control field 150813b xxu||||| |||| 00| 0 eng d
040 ## - CATALOGING SOURCE
Transcribing agency PK-LaUMT
082 ## - DEWEY DECIMAL CLASSIFICATION NUMBER
Classification number KHC 303.3409
Item number AAH-
245 ## - TITLE STATEMENT
Title آہ قائد ملت
Statement of responsibility, etc [ ]
260 ## - PUBLICATION, DISTRIBUTION, ETC. (IMPRINT)
Place of publication, distribution, etc [ ]
Name of publisher, distributor, etc [ ]
Date of publication, distribution, etc [N.D]
300 ## - PHYSICAL DESCRIPTION
Extent 201 ص
942 ## - ADDED ENTRY ELEMENTS (KOHA)
Koha item type Books
Holdings
Withdrawn status Lost status Damaged status Home library Current library Date acquired Full call number Barcode Date last seen Price effective from Koha item type
      UMT Main Campus UMT Main Campus 2015-08-13 KHC 303.3409 AAH- 67887 2015-08-13 2015-08-13 Books